S ťažbou neprišlo bohatstvo Angola má veľké príjmy z ropy. Korupcia bráni tomu, aby ...

Bibliographic Details
Main Author: Podstupka, Ondrej (Author)
Format: Article
Language:Slovak
PhysicalDescription:Fotogr.
ISSN:1335-440X
Subjects:

MARC

LEADER 00000nab a2200000 ar4500
001 vtls009356414
003 SK-MaSNL
005 20260304040305.0
008 081103c20080902xo dr|p|||||||000 b|slo
015 |a SNBRB2008/11  |2 snkbucl 
040 |a SNKBUCL  |b slo  |c SNKBUCL  |e AACR2 
041 0 |a slo 
044 |a xo  |c SK 
080 |a 665.61:339.5  |x (673)  |2 2001 
080 |a 338.2  |x (673)  |2 2001 
100 1 |a Podstupka, Ondrej  |4 aut  |9 1084610 
245 1 0 |a S ťažbou neprišlo bohatstvo  |b Angola má veľké príjmy z ropy. Korupcia bráni tomu, aby ...  |c Ondrej Podstupka 
300 |b Fotogr. 
500 |a Od 15.1.2007 návrat k pôvodnému vročeniu 
650 0 7 |a ťažba ropy  |2 snkbucl  |9 59762 
650 0 7 |a obchod s ropou  |2 snkbucl  |9 623999 
650 0 7 |a ekonomika  |2 snkbucl  |9 789 
651 7 |a Angola  |2 snkbucl  |9 62748 
773 0 |t Sme  |g Roč. 16, č. 203 (2.9.2008), s. 7  |x 1335-440X 
852 |a SNK  |b KIS3GCP 
958 |a AO 
999 |c 2662491  |d 2664421